Cestná daň v roku 1998

Povinnosť platiť cestnú daň. Vozidlá, za ktoré sa platí cestná daň. Daň za tuzemské vozidlá. Vznik daňovej povinnosti v priebehu zdaňovacieho obdobia. Cestná daň pri vozidlách v medzinárodnej premávke. Sadzobník cestnej dane. Príklady.

Enregistré dans:
Détails bibliographiques
Auteur principal: Fekete, Imrich
Format: Chapitre de livre
Langue:slovaque
Sujets:
Tags: Ajouter un tag
Pas de tags, Soyez le premier à ajouter un tag!

MARC

LEADER 00000naa a2200000 4500
001 r033876
005 20230912110643.2
041 0 |a slo 
044 |a SK 
245 1 0 |a Cestná daň v roku 1998  |c Imrich Fekete 
520 |a Povinnosť platiť cestnú daň. Vozidlá, za ktoré sa platí cestná daň. Daň za tuzemské vozidlá. Vznik daňovej povinnosti v priebehu zdaňovacieho obdobia. Cestná daň pri vozidlách v medzinárodnej premávke. Sadzobník cestnej dane. Príklady. 
610 2 0 |a dane cestné 
610 2 0 |a Slovensko 
610 2 0 |a 1998 
610 2 0 |a automobily 
610 2 0 |a podnikanie 
610 2 0 |a cesty dopravné pozemné 
610 2 0 |a daňovníci 
610 2 0 |a sadzby daňové 
100 1 |a Fekete, Imrich